000 01074nam a2200313 c 4500
003 BLK
005 20250704110604.0
008 180411b bul|||||r ||||||| ||bul||
010 _aKNG00212804000
040 _aBLK
041 _aBUL
_cBUL
080 _aБългарска литература
_b821.163.2
_x-32
_z821.163.2-32
100 1 _aШити Браун, Дж.
_eпърви автор
_9143527
139 _aШити Браун, Дж.
_bШ 68
245 1 0 _aСрала и заспала
_bРазкази с инфарктен край
_cДж. Шити Браун.
257 _aBGR
260 _bBrown Therapy Solution, Inc
_c2015
_aСофия
300 _a176 с.
_c21 см
380 _aX
500 _aШити Браун Джуниър - псевд. на бълг. писател.
653 _aразкази
852 _aЦб 287411
856 4 _qpdf
856 4 _qpdf
942 _cKNG
_n0
_08
944 _aCR
_c02.10.2017
_lЦветомила Тодорова
_k30576
944 _aED
_c16.10.2017
_lф /
_kЛюдмила_Стоянова
999 _c203277
_d203277
999 _d203277